Vzdelávanie detí rodičmi v domácnosti rubriku pripravujeme v spolupráci s kanceláriou verejného ochrancu práv SR

Bibliographic Details
Main Author: Drábiková, Katarína (Author)
Format: Article
Language:Slovak
ISSN:1335-7883
Subjects:

MARC

LEADER 00000nab a2200000 ar4500
001 vtls009627717
003 SK-MaSNL
005 20260303060336.0
008 090714c2009 xo sr|p|||||||000 b|slo
015 |a SNBRB2009/08 
038 |a SNKBUCL 
040 |a SNKBUCL  |b slo  |c SNKBUCL  |e AACR2 
041 0 |a slo 
044 |a xo  |c SK 
080 |a 37.018.1  |2 2001 
100 1 |a Drábiková, Katarína  |4 aut  |9 6930 
245 1 0 |a Vzdelávanie detí rodičmi v domácnosti  |b rubriku pripravujeme v spolupráci s kanceláriou verejného ochrancu práv SR  |c Katarína Drábiková 
650 0 7 |a domáce vzdelávanie  |2 snkbucl  |9 71872 
773 0 |t Verejná správa  |g Roč. 64, č. 14 (2009), s. 10  |x 1335-7883 
852 |a SNK  |b KIS3GCP 
999 |c 1731028  |d 1732958